Party politics in Puerto Rico (Record no. 42578)
[ view plain ]
| 000 -LEADER | |
|---|---|
| fixed length control field | 00925nam a2200277 a 4500 |
| 001 - CONTROL NUMBER | |
| control field | 42578 |
| 003 - CONTROL NUMBER IDENTIFIER | |
| rucl marc code | BD-RjUL |
| 005 - DATE AND TIME OF LATEST TRANSACTION | |
| control field | 20211209053548.0 |
| 008 - FIXED-LENGTH DATA ELEMENTS--GENERAL INFORMATION | |
| fixed length control field | 160614s1965 caub b 000 0 eng |
| 035 ## - SYSTEM CONTROL NUMBER | |
| System control number | (BD-RjUL)42696 |
| System control number | (OCoLC)500485 |
| 040 ## - CATALOGING SOURCE | |
| Original cataloging agency | DLC |
| Transcribing agency | ODaWU |
| Modifying agency | OCoLC |
| -- | MCM |
| -- | BD-RjUL |
| Language of cataloging | eng |
| 041 ## - LANGUAGE CODE | |
| Language code of text/sound track or separate title | eng |
| 082 ## - DEWEY DECIMAL CLASSIFICATION NUMBER | |
| Classification number | 329.97295 |
| Edition number | 23 |
| Author mark and year | ANP 1965 |
| 100 1# - MAIN ENTRY--PERSONAL NAME | |
| Personal name | Anderson, Robert W. |
| 9 (RLIN) | 130903 |
| 245 10 - TITLE STATEMENT | |
| Title | Party politics in Puerto Rico |
| Statement of responsibility, etc. | Robert W. Anderson. |
| 260 ## - PUBLICATION, DISTRIBUTION, ETC. (IMPRINT) | |
| Place of publication, distribution, etc. | Stanford, Calif : |
| Name of publisher, distributor, etc. | Stanford University Press, |
| Date of publication, distribution, etc. | 1965. |
| 300 ## - PHYSICAL DESCRIPTION | |
| Pagination | ix, 269 p. : |
| Illustrations | maps; |
| Size | 23 cm. |
| 500 ## - GENERAL NOTE | |
| General note | Revision of thesis, University of California. |
| 504 ## - BIBLIOGRAPHY, ETC. NOTE | |
| Bibliography, etc | Bibliography: p. [255]-260. |
| 650 #0 - SUBJECT ADDED ENTRY--TOPICAL TERM | |
| Topical term or geographic name as entry element | Political parties |
| Geographic subdivision | Puerto Rico. |
| 9 (RLIN) | 130904 |
| 651 #0 - SUBJECT ADDED ENTRY--GEOGRAPHIC NAME | |
| Geographic name | Puerto Rico |
| General subdivision | Politics and government |
| Chronological subdivision | 1952-1998. |
| 9 (RLIN) | 130905 |
| Geographic name | Puerto Rico |
| General subdivision | Social conditions. |
| 9 (RLIN) | 130906 |
| 942 ## - ADDED ENTRY ELEMENTS (KOHA) | |
| Source of classification or shelving scheme | Dewey Decimal Classification |
| Koha item type | Books |
| Lost status | Source of classification or shelving scheme | Damaged status | Not for loan | Permanent Location | Current Location | Shelving location | Date acquired | Source of acquisition | Cost, normal purchase price | Total Checkouts | Full call number | Date last seen | Copy number | Koha item type |
|---|---|---|---|---|---|---|---|---|---|---|---|---|---|---|
| Dewey Decimal Classification | Central Library, University of Rajshahi | Central Library, University of Rajshahi | Zait. | 64.06 | 329.97295 ANP 1965 | 14/06/2016 | C-2 | Books |